AFL 2023 Players Pictures Quiz - Easy 4 - Statistics

General Stats
  • This quiz has been taken 291 times
  • The average score is 14 of 18
Answer Stats
Picture Answer % Correct
Jordan De Goey
95%
Joe Daniher
90%
Aliir Aliir
87%
Ben King
87%
Izak Rankine
86%
Steven May
85%
Tim Kelly
84%
Tom Green
83%
Aaron Naughton
82%
Chad Warner
82%
Peter Wright
81%
Jacob Weitering
80%
Toby Nankervis
80%
Changkuoth Jiath
73%
Jy Simpkin
73%
Mitch Duncan
72%
Luke Ryan
66%
Callum Wilkie
61%
No matching quizzes found
Score Distribution
Percent of People with Each Score
Percentile by Number Answered
Your Score History
You have not taken this quiz